| 000 | 01235cam a2200229 4500 | ||
|---|---|---|---|
| 001 | L137380 | ||
| 008 | 070403s2007 xxk f 000 0 eng d | ||
| 035 | _a(Sirsi) u137380 | ||
| 041 | 0 | _aeng | |
| 050 | 0 | 4 | _a692.2 $2 18 |
| 110 | 1 |
_aUnited Kingdom _bDepartment for Communities and Local Government _94939 |
|
| 245 | 0 | 0 |
_aAppointed persons _bsummary report _h[electronic resource] |
| 260 |
_aLondon _bDCLG _c2007 |
||
| 520 | _aOutlines work carried out with industry stakeholders in the appointed persons project. The project relates to whether it is necessary to introduce a regulation, as allowed for within the Sustainable and Secure Buildings Act 2004, to create the role of appointed persons to improve compliance with the Building Regulations. Outlines the potential appointed person's role, their relationship with the project team, and various issues requiring consideration. | ||
| 590 | _aKA | ||
| 650 | 2 | 4 | _aSUSTAINABLE AND SECURE BUILDINGS ACT 2004 |
| 650 | 2 | 4 | _aBUILDING REGULATIONS 2000 |
| 651 | 4 |
_aEngland and Wales _y1543- |
|
| 690 |
_aBuilding regulations _96224 |
||
| 856 | 4 | 8 |
_uhttps://www.communities.gov.uk/index.asp?id=1509052 _zView the summary report free of charge at www.communities.gov.uk... |
| 942 | _n0 | ||
| 999 |
_c106760 _d106760 |
||